Statistiques concernant Les films de Bong Joon-ho

Cliquez ici pour prendre le quiz!

Statistiques générales

  • Ce quiz a été pris 17 fois
  • Le résultat moyen est 5 sur 8

Statistiques - réponses

AnnéeFilm% Correct
2019Parasite
100%
2013Snowpiercer, le Transperceneige
79%
2006The Host
71%
2003Memories of Murder
64%
2009Mother
64%
2017Okja
64%
2000Barking Dog
50%
2024Mickey 17
50%

Distribution des résultats

Percentile par nombre de réponses

% des personnes avec chaque résultat

Votre développement - résultats

Vous n’avez pas pris ce quiz